01336nam a2200313Ia 4500001001200000003000800012006001900020007001500039008004100054020001800095040002100113035002100134050002500155245013400180260003300314300001500347490006900362504004100431533015200472650004800624651006100672655002900733700002200762700002000784710001700804830005800821856012600879999001701005ebr10315728CaPaEBRm u cr cn|||||||||090113s2008 enk sb 000 0 eng d z9781848552524 aCaPaEBRcCaPaEBR a(OCoLC)50344476614aHD2741b.C677 2008eb00aCorporate governance in less developed and emerging economiesh[electronic resource] /cedited by Mathew Tsamenyi, Shahzad Uddin. aBingley :bJAI Press,c2008. axv, 548 p.1 aResearch in accounting in emerging economies,x1479-3563 ;vv. 8 aIncludes bibliographical references. aElectronic reproduction.bPalo Alto, Calif. :cebrary,d2011.nAvailable via World Wide Web.nAccess may be limited to ebrary affiliated libraries. 0aCorporate governancezDeveloping countries. 0aDeveloping countriesxEconomic conditionsy21st century. 7aElectronic books.2local1 aTsamenyi, Mathew.1 aUddin, Shahzad.2 aebrary, Inc. 0aResearch in accounting in emerging economies ;vv. 8.40uhttp://site.ebrary.com/lib/rucke/Doc?id=10315728zAn electronic book accessible through the World Wide Web; click to view c57198d57198